000 nam a22 a 4500
999 _c473235
_d473235
003 BLK
005 20221208031307.0
008 220914b bu |||||r|||| 00| | bu d
040 _aBLK
041 _aBUL
_cBUL
080 _aВъншна търговия. Международна търговия. Външно-търговска политика. Мита. Вж и 336. 4
_b339.5
_z339.5
100 _91299
_aНиколов, Кирил Ст.
_eпърви автор
139 _aНиколов, Кирил Ст.
245 _aДокументите при плащанията във външната търговия
_bРъководство
_c Кирил Ст. Николов, Борис Хр. Цветанов
260 _9211679
_aСофия
_bБълг. търг.-пром. палата
_c1975
_n954-614-
300 _a127 с.
_c21 см
380 _a3
490 _9203405
_aБиблиотека Българска търговско-промишлена палата
_v65
650 0 _9246940
_aВъншна търговия - плащания
653 7 _9183744
_aвъншна търговия
653 7 _9193869
_aплащания
653 7 _9185390
_aдокументи
700 _aЦветанов, Борис Хр.
_eсъавт.
_91445
852 _aЦб 74485
_bЦб
942 _cKNG
_n0
_s1
944 _aCR
_c2022-09-14
_kХристина Везирева